000 00664cam a2200229 a 4500
008
020 _a0731801962 (pbk.)
049 _aMAIN
090 _aHQ774
_bFOW
100 1 _aFowler, Cathrine.
245 1 0 _aHow to stay sane in your baby's first year /
_cCathrine Fowler and Patricia Gornall.
260 _aAustralia :
_bSimon and Schuster,
_c1998.
300 _a264 p. :
_bill. ;
_c23 cm.
500 _aIncludes index.
650 0 _aChild rearing.
650 0 _aInfants
_xCare.
907 _a.b10370651
_b26-02-16
_c26-02-16
003
005 20230123122211.0
040 _cNUST
942 _cBOOKS
_kHQ774
_mFOW
999 _c129533
_d129533